000 00309nam a22001337a 4500
008 170915b xxu||||| |||| 00| 0 eng d
020 _a9780670827596
041 _aeng
080 _a7
100 _a44
101 _aART
245 _aTHE TRUE STORY O THE 3 LITTLE PIGS
_cWOLF/A
942 _2udc
_cBK
999 _c27761
_d27761